| 000 | 00475nam a2200181Ia 4500 | ||
|---|---|---|---|
| 003 | GCL | ||
| 008 | 140319s9999 xx 000 0 ara d | ||
| 040 |
_aGCL / _cGCL |
||
| 082 | 0 | 4 |
_a810.1 _bع ع |
| 100 | 1 | _aعاطف احمد فؤاد | |
| 245 | 1 | 0 |
_aعلم اجتماع الادب / _cعاطف احمد فؤاد |
| 300 | _a167 ص | ||
| 490 |
_a100 قصة _v0 |
||
| 650 | 0 | 4 | _aالادب العربى |
| 650 | 0 | 4 | _aفلسفة |
| 650 | 0 | 4 | _aالبحوث |
| 942 |
_2ddc _cBK |
||
| 999 |
_c44164 _d44164 |
||